000
00499nam a2200181Ia 4500
008
090123s9999 xx 000 0 und d
082
_b
754
_a
891.463/शहाणे
100
_a
शहाणे मनोहर
245
_a
झाकोळ
250
_a
1
260
_b
भागवत वा.पु.
300
_a
164
600
_a
शहाणे मनोहर
630
_a
झाकोळ
700
_a
शहाणे मनोहर
730
_a
झाकोळ
942
_c
BOOK
999
_c
38841
_d
38841